Language, communication and the economy.

I tiakina i:
Ngā taipitopito rārangi puna kōrero
Ētahi atu kaituhi: Erreygers, Guido (Editor), Jacobs, Geert (Editor)
Hōputu: Pukapuka
Reo:Ingarihi
I whakaputaina: Amsterdam, The Netherlands: John Benjamins Publishing Company, 2006
Rangatū:Discourse Approaches to Politics, Society and Culture, 16
Ngā marau:
Ngā Tūtohu: Tāpirihia he Tūtohu
Kāore He Tūtohu, Me noho koe te mea tuatahi ki te tūtohu i tēnei pūkete!

MARC

LEADER 00000nam a22000007a 4500
003 CL-VaPUC
005 20231128114036.0
008 220406b2006 ||||| |||| 00| 0 eng d
999 |c 435295  |d 435293 
020 |a 9027227063 
040 |c Pontificia Universidad Católica de Valparaíso 
082 7 |a 330.014 ERR 2006  |2 22 
100 1 |a Erreygers, Guido   |e editor  |9 868013 
245 1 |a Language, communication and the economy. 
260 |a Amsterdam, The Netherlands:   |b John Benjamins Publishing Company,   |c 2006 
300 |a 239 páginas 
490 |a Discourse Approaches to Politics, Society and Culture,   |v 16 
500 |a C.1 Donación Familia profesor Giovanni Parodi S. Memo 01/2022. 25-03-2022 
583 |c 20220406  |k Catalogador Asistente 
650 0 |a Economía   |9 255568  |x Lenguaje 
650 0 |a Análisis del discurso  |9 256696 
700 |a Jacobs, Geert  |e editor  |9 868014 
942 |2 ddc  |c BK 
952 |0 0  |1 0  |2 ddc  |4 0  |6 330_014000000000000_ERR_2006  |7 0  |8 C_GPS  |9 582471  |a FDOPOS  |b FDOPOS  |c GEN  |d 2022-04-06  |e Donación  |i 5650704  |o 330.014 ERR 2006  |p 5650704  |r 2025-01-22  |t 1  |w 2022-04-06  |y BK  |k MLA